[Event "3. Sinquefield Cup 2015"]
[Site "Saint Louis USA"]
[Date "2015.08.23"]
[Round "1.2"]
[White "Nakamura, Hikaru"]
[Black "Anand, Viswanathan"]
[Result "1-0"]
[WhiteElo "2814"]
[BlackElo "2816"]
[PlyCount "85"]
[EventDate "2015.08.22"]
[EventType "tourn"]
[EventRounds "9"]
[EventCountry "USA"]
[EventCategory "22"]
[Source "lmi"]
[SourceDate "2015.08.22"]

1. d4 Nf6 2. c4 e6 3. Nf3 d5 4. g3 Be7 5. Bg2 O-O 6. O-O dxc4 7. Qc2 a6 8. a4
Bd7 9. Qxc4 Bc6 10. Bg5 Bd5 11. Qc2 Be4 12. Qd1 c5 13. dxc5 Bxc5 14. Qxd8 Rxd8
15. Nbd2 Bc6 16. Nb3 Be7 17. Na5 h6 18. Be3 Nd5 19. Bd2 Nb6 20. Bf4 Nd5 21. Ne5
g5 22. Bd2 Bf6 23. Nd3 b6 24. Nc4 b5 25. Bxd5 bxc4 26. Bxc4 Bxb2 27. Ra2 Bg7
28. Rc1 Be8 29. Nc5 Bf8 30. Bd3 Nc6 31. Be4 Rdc8 32. Kf1 Ra7 33. Nb3 Rac7 34.
Rac2 Bd6 35. f4 f5 36. Bd3 Nb8 37. Rxc7 Rxc7 38. Rxc7 Bxc7 39. fxg5 hxg5 40.
Nc5 Bd6 41. Nxe6 Bxa4 42. Nxg5 Bd7 43. Bc3 1-0

[Event "3. Sinquefield Cup 2015"]
[Site "Saint Louis USA"]
[Date "2015.08.23"]
[Round "1.3"]
[White "Aronian, Levon"]
[Black "Caruana, Fabiano"]
[Result "1-0"]
[WhiteElo "2765"]
[BlackElo "2808"]
[PlyCount "77"]
[EventDate "2015.08.22"]
[EventType "tourn"]
[EventRounds "9"]
[EventCountry "USA"]
[EventCategory "22"]
[Source "lmi"]
[SourceDate "2015.08.22"]

1. d4 Nf6 2. c4 e6 3. Nf3 d5 4. Nc3 Be7 5. Bf4 O-O 6. e3 Nbd7 7. c5 Ne4 8. Rc1
Nxc3 9. Rxc3 b6 10. c6 Nf6 11. a3 a5 12. Bd3 Ne4 13. Rc2 f6 14. Qe2 Bd6 15. O-O
g5 16. Bxd6 Nxd6 17. Re1 a4 18. Nd2 e5 19. e4 f5 20. f3 dxe4 21. fxe4 Ra5 22.
exf5 Nxf5 23. Bc4+ Kg7 24. d5 Re8 25. Ne4 Nd4 26. Qh5 Nxc2 27. Nxg5 Bf5 28. Rf1
Qf6 29. Ne6+ Rxe6 30. Rxf5 Qg6 31. dxe6 Qxh5 32. Rxh5 Nd4 33. e7 Ra8 34. Rxe5
Re8 35. Re4 Nf5 36. Be6 Nd6 37. Bd7 Nxe4 38. Bxe8 Kf6 39. Bg6 1-0

[Event "3. Sinquefield Cup 2015"]
[Site "Saint Louis USA"]
[Date "2015.08.23"]
[Round "1.4"]
[White "Giri, Anish"]
[Black "Grischuk, Alexander"]
[Result "1-0"]
[WhiteElo "2793"]
[BlackElo "2771"]
[PlyCount "67"]
[EventDate "2015.08.22"]
[EventType "tourn"]
[EventRounds "9"]
[EventCountry "USA"]
[EventCategory "22"]
[Source "lmi"]
[SourceDate "2015.08.22"]

1. Nf3 d5 2. d4 Nf6 3. c4 e6 4. g3 Bb4+ 5. Bd2 Be7 6. Bg2 O-O 7. O-O Nbd7 8.
Qc2 c6 9. Rd1 b6 10. Bf4 Ba6 11. b3 Rc8 12. Nc3 dxc4 13. e4 Nh5 14. Be3 Nhf6
15. h3 b5 16. bxc4 bxc4 17. Rab1 Qa5 18. Bd2 Qa3 19. Re1 Nb6 20. Re3 Rb8 21.
Rxb6 Rxb6 22. Na4 Rb1+ 23. Kh2 c3 24. Rxc3 Qb4 25. Rxc6 Qb5 26. Ne5 Ra1 27. Bc3
Rf1 28. Nb2 Qb7 29. Rxa6 Qxa6 30. Nbc4 Nxe4 31. Bxe4 Rb8 32. Bxh7+ Kf8 33. Qe2
Rc1 34. Qh5 1-0

[Event "3. Sinquefield Cup 2015"]
[Site "Saint Louis USA"]
[Date "2015.08.23"]
[Round "1.5"]
[White "So, Wesley"]
[Black "Vachier-Lagrave, Maxime"]
[Result "0-1"]
[WhiteElo "2779"]
[BlackElo "2731"]
[PlyCount "70"]
[EventDate "2015.08.22"]
[EventType "tourn"]
[EventRounds "9"]
[EventCountry "USA"]
[EventCategory "22"]
[Source "lmi"]
[SourceDate "2015.08.22"]

1. Nf3 Nf6 2. c4 g6 3. Nc3 d5 4. cxd5 Nxd5 5. g3 Bg7 6. Bg2 c5 7. Qa4+ Nc6 8.
Ng5 e6 9. Nge4 Nb6 10. Qb5 c4 11. Na4 O-O 12. Nxb6 axb6 13. Qxc4 e5 14. Qc2 Be6
15. Nc3 b5 16. Bxc6 bxc6 17. b3 Bf5 18. d3 e4 19. dxe4 Bxe4 20. Nxe4 Bxa1 21.
O-O Re8 22. f3 Bd4+ 23. e3 Bg7 24. Rd1 Qc7 25. Rd6 c5 26. Rd5 Re5 27. Rd1 c4
28. a3 Re7 29. bxc4 Qxc4 30. Qd2 Qb3 31. Qd6 Rc8 32. Nf2 Rec7 33. Bd2 Bf8 34.
Qd4 Bxa3 35. Kg2 Bb2 0-1

[Event "3. Sinquefield Cup 2015"]
[Site "Saint Louis USA"]
[Date "2015.08.24"]
[Round "2.1"]
[White "Topalov, Veselin"]
[Black "Nakamura, Hikaru"]
[Result "1-0"]
[WhiteElo "2816"]
[BlackElo "2814"]
[PlyCount "145"]
[EventDate "2015.08.22"]
[EventType "tourn"]
[EventRounds "9"]
[EventCountry "USA"]
[EventCategory "22"]
[Source "lmi"]
[SourceDate "2015.08.22"]

1. e4 e5 2. Nf3 Nc6 3. Bb5 Nf6 4. d3 Bc5 5. Nbd2 d6 6. O-O O-O 7. c3 Ne7 8. d4
exd4 9. cxd4 Bb6 10. Re1 Ng6 11. h3 c6 12. Bd3 Nh5 13. Nc4 Bc7 14. d5 Nhf4 15.
Bf1 f5 16. e5 Nxd5 17. exd6 Bxd6 18. Nxd6 Qxd6 19. b3 Bd7 20. Bb2 Rfe8 21. Qd4
Qf6 22. Qd2 Qd6 23. Bc4 h6 24. Qd4 Qf6 25. Qxf6 gxf6 26. Bxf6 Rxe1+ 27. Rxe1
Re8 28. Rd1 Be6 29. Nd4 Kf7 30. Nxe6 Rxe6 31. Bd4 a6 32. Kf1 Ngf4 33. b4 Re4
34. f3 Re8 35. g3 Ne6 36. Bf2 Rd8 37. Re1 f4 38. g4 Ng5 39. Kg2 Re8 40. Rd1 Re5
41. Bd4 Re8 42. h4 Ne6 43. Bf2 Nec7 44. h5 Kf6 45. Kh3 b5 46. Bd4+ Kg5 47. Bxd5
Nxd5 48. Rc1 Re6 49. Rc5 Rd6 50. Bg7 Re6 51. Bd4 Rd6 52. a3 Re6 53. Rc1 Ne7 54.
Bf2 Kf6 55. Bh4+ Kf7 56. g5 hxg5 57. Bxg5 Nd5 58. Kg4 Kg7 59. Bxf4 Nxf4 60.
Kxf4 Rd6 61. Rc3 Kf6 62. Kg4 a5 63. bxa5 Rd4+ 64. f4 Ra4 65. Rxc6+ Kg7 66. a6
Rxa3 67. f5 b4 68. f6+ Kf7 69. h6 Kg6 70. Rc8 b3 71. Rg8+ Kf7 72. h7 Ra4+ 73.
Kf3 1-0

[Event "3. Sinquefield Cup 2015"]
[Site "Saint Louis USA"]
[Date "2015.08.24"]
[Round "2.2"]
[White "Vachier-Lagrave, Maxime"]
[Black "Aronian, Levon"]
[Result "1/2-1/2"]
[WhiteElo "2731"]
[BlackElo "2765"]
[PlyCount "63"]
[EventDate "2015.08.22"]
[EventType "tourn"]
[EventRounds "9"]
[EventCountry "USA"]
[EventCategory "22"]
[Source "lmi"]
[SourceDate "2015.08.22"]

1. d4 Nf6 2. c4 e6 3. Nf3 d5 4. Nc3 Bb4 5. Bg5 h6 6. Bxf6 Qxf6 7. Qa4+ Nc6 8.
e3 O-O 9. Be2 dxc4 10. O-O Bd7 11. Bxc4 Bxc3 12. bxc3 Rfd8 13. Be2 Be8 14. Qa3
Qe7 15. Qb2 b6 16. Nd2 Na5 17. Nb3 Nxb3 18. axb3 a5 19. b4 axb4 20. Qxb4 Kf8
21. Bf3 Qxb4 22. cxb4 Rxa1 23. Rxa1 Ke7 24. Kf1 Kd6 25. Ke2 Bb5+ 26. Kd2 e5 27.
dxe5+ Kxe5+ 28. Kc3 Rd3+ 29. Kc2 Rd8 30. Kc3 Rd3+ 31. Kc2 Rd8 32. Kc3 1/2-1/2

[Event "3. Sinquefield Cup 2015"]
[Site "Saint Louis USA"]
[Date "2015.08.24"]
[Round "2.3"]
[White "Giri, Anish"]
[Black "So, Wesley"]
[Result "1/2-1/2"]
[WhiteElo "2793"]
[BlackElo "2779"]
[PlyCount "60"]
[EventDate "2015.08.22"]
[EventType "tourn"]
[EventRounds "9"]
[EventCountry "USA"]
[EventCategory "22"]
[Source "lmi"]
[SourceDate "2015.08.22"]

1. c4 c5 2. Nf3 Nc6 3. Nc3 e5 4. e3 f5 5. d4 e4 6. d5 exf3 7. dxc6 dxc6 8.
Qxd8+ Kxd8 9. gxf3 Nf6 10. b3 Bd6 11. Bb2 Ke7 12. O-O-O Be6 13. Bd3 Rhd8 14.
Kc2 Rd7 15. Ne2 g6 16. h3 Rad8 17. f4 Bc7 18. Ba3 b6 19. Ng3 Kf7 20. Bb2 a6 21.
Be5 b5 22. Bxf5 gxf5 23. Bxc7 Rxd1 24. Rxd1 Rxd1 25. Kxd1 bxc4 26. bxc4 Ne4 27.
Nxe4 fxe4 28. h4 Bxc4 29. a3 Ke6 30. f5+ Kxf5 1/2-1/2

[Event "3. Sinquefield Cup 2015"]
[Site "Saint Louis USA"]
[Date "2015.08.24"]
[Round "2.4"]
[White "Caruana, Fabiano"]
[Black "Carlsen, Magnus"]
[Result "0-1"]
[WhiteElo "2808"]
[BlackElo "2853"]
[PlyCount "80"]
[EventDate "2015.08.22"]
[EventType "tourn"]
[EventRounds "9"]
[EventCountry "USA"]
[EventCategory "22"]
[Source "lmi"]
[SourceDate "2015.08.22"]

1. e4 e5 2. Nf3 Nc6 3. Bb5 a6 4. Ba4 Nf6 5. O-O b5 6. Bb3 Bb7 7. d3 Be7 8. Nc3
O-O 9. a3 d6 10. Re1 Qd7 11. Ne2 Nd8 12. Ng3 Ne6 13. Ba2 Rfe8 14. Ng5 d5 15.
Nxe6 Qxe6 16. Bg5 h6 17. Bxf6 Bxf6 18. Qf3 c6 19. c4 Rad8 20. cxd5 cxd5 21. Nf5
Bg5 22. h4 Bd2 23. Re2 dxe4 24. dxe4 Qf6 25. g3 Kf8 26. h5 Bg5 27. a4 b4 28. a5
Kg8 29. Bc4 Rd7 30. Ra4 Kh8 31. Rxb4 g6 32. hxg6 fxg6 33. Qb3 Bc6 34. Ne3 Bxe4
35. Bd5 Bxd5 36. Nxd5 Qc6 37. Nc3 Qf3 38. Qc2 Red8 39. Rbe4 Rd2 40. Rxd2 Rxd2
0-1

[Event "3. Sinquefield Cup 2015"]
[Site "Saint Louis USA"]
[Date "2015.08.24"]
[Round "2.5"]
[White "Grischuk, Alexander"]
[Black "Anand, Viswanathan"]
[Result "1-0"]
[WhiteElo "2771"]
[BlackElo "2816"]
[PlyCount "69"]
[EventDate "2015.08.22"]
[EventType "tourn"]
[EventRounds "9"]
[EventCountry "USA"]
[EventCategory "22"]
[Source "lmi"]
[SourceDate "2015.08.22"]

1. d4 Nf6 2. Bf4 d5 3. e3 c5 4. dxc5 Nc6 5. Bb5 Qa5+ 6. Nc3 a6 7. Bxc6+ bxc6 8.
Nf3 e6 9. O-O Bd7 10. a3 Qxc5 11. Na4 Qa7 12. c4 Be7 13. Rc1 Rc8 14. cxd5 cxd5
15. Rxc8+ Bxc8 16. Qd4 Qxd4 17. exd4 Bd7 18. Nb6 Bd8 19. Nxd7 Nxd7 20. Rc1 f6
21. Rc6 Kf7 22. Rxa6 Bb6 23. Bd2 g5 24. h3 Rb8 25. Bb4 Rb7 26. Ra8 Nb8 27. Kf1
Nc6 28. Bc3 e5 29. dxe5 d4 30. Bb4 Nxe5 31. Nxe5+ fxe5 32. Ke2 e4 33. f3 d3+
34. Kd2 exf3 35. Rf8+ 1-0

[Event "3. Sinquefield Cup 2015"]
[Site "Saint Louis USA"]
[Date "2015.08.25"]
[Round "3.1"]
[White "Anand, Viswanathan"]
[Black "Topalov, Veselin"]
[Result "1/2-1/2"]
[WhiteElo "2816"]
[BlackElo "2816"]
[PlyCount "62"]
[EventDate "2015.08.22"]
[EventType "tourn"]
[EventRounds "9"]
[EventCountry "USA"]
[EventCategory "22"]
[Source "lmi"]
[SourceDate "2015.08.22"]

1. e4 c5 2. Nf3 d6 3. Bb5+ Nd7 4. d4 cxd4 5. Qxd4 a6 6. Bxd7+ Bxd7 7. O-O Nf6
8. Nc3 e5 9. Qd3 h6 10. Nd2 b5 11. a4 Rb8 12. Rd1 Be7 13. axb5 axb5 14. Nf1 b4
15. Nd5 Nxd5 16. Qxd5 O-O 17. Ne3 Be6 18. Qd3 Qc7 19. Bd2 Rfc8 20. c3 bxc3 21.
Bxc3 Qb7 22. Nd5 Bg5 23. h3 Ra8 24. Ne3 Bxe3 25. Qxe3 Rxa1 26. Rxa1 Ra8 27.
Rxa8+ Qxa8 28. f3 Qc6 29. Kf2 f6 30. Kg1 Qc5 31. Qxc5 dxc5 1/2-1/2

[Event "3. Sinquefield Cup 2015"]
[Site "Saint Louis USA"]
[Date "2015.08.25"]
[Round "3.2"]
[White "Aronian, Levon"]
[Black "Giri, Anish"]
[Result "1/2-1/2"]
[WhiteElo "2765"]
[BlackElo "2793"]
[PlyCount "84"]
[EventDate "2015.08.22"]
[EventType "tourn"]
[EventRounds "9"]
[EventCountry "USA"]
[EventCategory "22"]
[Source "lmi"]
[SourceDate "2015.08.22"]

1. c4 e5 2. Nc3 Nf6 3. Nf3 Nc6 4. g3 d5 5. cxd5 Nxd5 6. Bg2 Nb6 7. O-O Be7 8.
d3 O-O 9. Be3 Re8 10. Qd2 Bf8 11. Rfc1 h6 12. a3 Bg4 13. Ne4 Nd4 14. Bxd4 exd4
15. Qf4 Bxf3 16. exf3 Nd5 17. Qg4 c6 18. f4 a5 19. Nd2 a4 20. Qd1 Nb6 21. h4
Ra5 22. Rc2 Nd7 23. Ne4 Nc5 24. Nxc5 Bxc5 25. Qd2 Bf8 26. Re1 Rxe1+ 27. Qxe1
Ra8 28. Qe4 Qb6 29. Re2 Qc5 30. Bf3 Rd8 31. Kg2 Bd6 32. f5 Bf8 33. f6 gxf6 34.
Qf4 Qd6 35. Qf5 Ra8 36. Rc2 Bg7 37. Rc4 Qe6 38. Qf4 Qe5 39. Rb4 Qxf4 40. gxf4
Ra7 41. f5 Bf8 42. Rxd4 Ra5 1/2-1/2

[Event "3. Sinquefield Cup 2015"]
[Site "Saint Louis USA"]
[Date "2015.08.25"]
[Round "3.3"]
[White "Carlsen, Magnus"]
[Black "Vachier-Lagrave, Maxime"]
[Result "1-0"]
[WhiteElo "2853"]
[BlackElo "2731"]
[PlyCount "85"]
[EventDate "2015.08.22"]
[EventType "tourn"]
[EventRounds "9"]
[EventCountry "USA"]
[EventCategory "22"]
[Source "lmi"]
[SourceDate "2015.08.22"]

1. Nf3 Nf6 2. c4 g6 3. g3 Bg7 4. Bg2 c5 5. d4 cxd4 6. Nxd4 O-O 7. Nc3 Qc7 8.
Nd5 Qxc4 9. Nxe7+ Kh8 10. Nxc8 Rxc8 11. O-O Nc6 12. Be3 Ng4 13. Nc2 Nxe3 14.
Nxe3 Qe6 15. Nd5 Bxb2 16. Rb1 Be5 17. Rxb7 Rab8 18. Rxb8 Rxb8 19. e3 Rb2 20. a4
Ne7 21. Nf4 Bxf4 22. exf4 Qb6 23. a5 Qc5 24. Qxd7 Ra2 25. Qd3 Kg7 26. a6 h5 27.
Bb7 Nf5 28. Qe4 Nd6 29. Qb1 Rd2 30. Qa1+ Kg8 31. Bg2 Nf5 32. Qe5 Qxe5 33. fxe5
Re2 34. Rb1 Rxe5 35. Rb7 Re1+ 36. Bf1 h4 37. Rxa7 h3 38. Rd7 Ra1 39. g4 Nh4 40.
Rd3 Ng2 41. Rxh3 Nf4 42. Rf3 g5 43. Rb3 1-0

[Event "3. Sinquefield Cup 2015"]
[Site "Saint Louis USA"]
[Date "2015.08.25"]
[Round "3.4"]
[White "So, Wesley"]
[Black "Grischuk, Alexander"]
[Result "1-0"]
[WhiteElo "2779"]
[BlackElo "2771"]
[PlyCount "81"]
[EventDate "2015.08.22"]
[EventType "tourn"]
[EventRounds "9"]
[EventCountry "USA"]
[EventCategory "22"]
[Source "lmi"]
[SourceDate "2015.08.22"]

1. c4 c5 2. Nf3 Nc6 3. Nc3 Nf6 4. g3 g6 5. Bg2 d6 6. O-O Bg7 7. d4 cxd4 8. Nxd4
Bd7 9. b3 Nxd4 10. Qxd4 Bc6 11. Bb2 O-O 12. Nd5 Bxd5 13. cxd5 Qa5 14. Bc3 Qa6
15. Qd2 Rfc8 16. Rfc1 Qb5 17. Rab1 a5 18. e4 Nd7 19. Bxg7 Kxg7 20. Qd4+ Kg8 21.
Bf1 Rxc1 22. Rxc1 Qb4 23. Rc4 Qe1 24. Rc7 Ne5 25. Kg2 Qb4 26. Qxb4 axb4 27. Rc2
Kg7 28. f4 Nd7 29. Kf3 f5 30. exf5 gxf5 31. Rc7 Nc5 32. Rxe7+ Kf6 33. Re2 h5
34. Ke3 h4 35. Kd4 hxg3 36. hxg3 Rg8 37. Re3 Ra8 38. Kc4 Rxa2 39. Kxb4 Rf2 40.
Bc4 Ne4 41. Kb5 1-0

[Event "3. Sinquefield Cup 2015"]
[Site "Saint Louis USA"]
[Date "2015.08.25"]
[Round "3.5"]
[White "Nakamura, Hikaru"]
[Black "Caruana, Fabiano"]
[Result "1/2-1/2"]
[WhiteElo "2814"]
[BlackElo "2808"]
[PlyCount "151"]
[EventDate "2015.08.22"]
[EventType "tourn"]
[EventRounds "9"]
[EventCountry "USA"]
[EventCategory "22"]
[Source "lmi"]
[SourceDate "2015.08.22"]

1. d4 Nf6 2. c4 g6 3. Nc3 d5 4. Qb3 dxc4 5. Qxc4 Be6 6. Qa4+ Bd7 7. Qb3 c5 8.
d5 b5 9. Nxb5 Bxb5 10. Qxb5+ Nbd7 11. g3 Rb8 12. Qa4 Bg7 13. Bg2 O-O 14. Nh3
Nb6 15. Qxa7 Nfxd5 16. O-O Qc8 17. Qa3 Nb4 18. Qb3 Nc6 19. Bf4 Nd4 20. Qd1 e5
21. Be3 Rd8 22. Bxd4 Rxd4 23. Qc2 Rc4 24. Qd2 Rd4 25. Qc1 e4 26. e3 Rc4 27. Qd2
Rb4 28. Rac1 Rxb2 29. Qd6 c4 30. Ng5 Rxa2 31. Nxe4 Qf8 32. Rfd1 Qxd6 33. Rxd6
Ra1 34. Rxa1 Bxa1 35. Rc6 Rc8 36. Rxb6 c3 37. Nxc3 Bxc3 38. Bd5 Rc7 39. h4 Kg7
40. g4 h6 41. g5 hxg5 42. hxg5 Rc5 43. Rd6 Kf8 44. e4 Be5 45. Rd8+ Ke7 46. Ra8
Rc7 47. Kg2 Bf4 48. Ra5 Kf8 49. Bb3 Rc3 50. Rb5 Kg7 51. Bd1 Rd3 52. Be2 Rc3 53.
Rd5 Kf8 54. Bb5 Ke7 55. Kf1 Rc2 56. Be2 Rd2 57. Ra5 Rd4 58. Bf3 Rd3 59. Be2 Rd4
60. f3 Kf8 61. Ba6 Rd7 62. Bc4 Re7 63. Kg2 Re5 64. Ra8+ Re8 65. Ra5 Re5 66.
Rxe5 Bxe5 67. Kh3 Bf4 68. Kg4 Bc1 69. f4 Ke7 70. f5 gxf5+ 71. Kxf5 Bb2 72. e5
Bc3 73. Bb3 Bb2 74. Bc4 Bc3 75. Bb3 Bb2 76. Bc4 1/2-1/2

[Event "3. Sinquefield Cup 2015"]
[Site "Saint Louis USA"]
[Date "2015.08.26"]
[Round "4.1"]
[White "Grischuk, Alexander"]
[Black "Topalov, Veselin"]
[Result "1/2-1/2"]
[WhiteElo "2771"]
[BlackElo "2816"]
[PlyCount "61"]
[EventDate "2015.08.22"]
[EventType "tourn"]
[EventRounds "9"]
[EventCountry "USA"]
[EventCategory "22"]
[Source "lmi"]
[SourceDate "2015.08.22"]

1. e4 c5 2. Nf3 d6 3. d4 cxd4 4. Nxd4 Nf6 5. Nc3 a6 6. Be3 Ng4 7. Bc1 Nf6 8. f3
e5 9. Nb3 Be6 10. Be3 h5 11. Nd5 Bxd5 12. exd5 Nbd7 13. Qd2 g6 14. O-O-O Nb6
15. Kb1 Nbxd5 16. Bg5 Be7 17. Na5 Rb8 18. Bc4 Nb6 19. Bxf6 Bxf6 20. Qxd6 Qxd6
21. Rxd6 Bd8 22. Rd3 Bc7 23. Bb3 Ke7 24. Rhd1 Rhd8 25. Rxd8 Bxd8 26. Nc4 Nxc4
27. Bxc4 Bb6 28. c3 Rd8 29. Rxd8 Bxd8 30. Kc2 Bc7 31. Bd5 1/2-1/2

[Event "3. Sinquefield Cup 2015"]
[Site "Saint Louis USA"]
[Date "2015.08.26"]
[Round "4.2"]
[White "Giri, Anish"]
[Black "Carlsen, Magnus"]
[Result "1/2-1/2"]
[WhiteElo "2793"]
[BlackElo "2853"]
[PlyCount "61"]
[EventDate "2015.08.22"]
[EventType "tourn"]
[EventRounds "9"]
[EventCountry "USA"]
[EventCategory "22"]
[Source "lmi"]
[SourceDate "2015.08.22"]

1. e4 c5 2. Nf3 Nc6 3. d4 cxd4 4. Nxd4 Nf6 5. Nc3 e5 6. Ndb5 d6 7. Bg5 a6 8.
Na3 b5 9. Nd5 Be7 10. Bxf6 Bxf6 11. c3 Ne7 12. Nc2 Nxd5 13. Qxd5 Rb8 14. Nb4
Bb7 15. Qd3 O-O 16. Be2 a5 17. Nd5 b4 18. O-O bxc3 19. bxc3 Bg5 20. Rab1 Qd7
21. Rb3 Bc6 22. Rfb1 Rxb3 23. Rxb3 g6 24. Rb6 Rc8 25. h3 Bxd5 26. Qxd5 Rxc3 27.
Rxd6 Qe7 28. Bd1 Rc7 29. g3 Kg7 30. Ba4 Bc1 31. Rc6 1/2-1/2

[Event "3. Sinquefield Cup 2015"]
[Site "Saint Louis USA"]
[Date "2015.08.26"]
[Round "4.5"]
[White "Caruana, Fabiano"]
[Black "Anand, Viswanathan"]
[Result "1/2-1/2"]
[WhiteElo "2808"]
[BlackElo "2816"]
[PlyCount "84"]
[EventDate "2015.08.22"]
[EventType "tourn"]
[EventRounds "9"]
[EventCountry "USA"]
[EventCategory "22"]
[Source "lmi"]
[SourceDate "2015.08.22"]

1. d4 d5 2. c4 c6 3. Nf3 Nf6 4. Nc3 e6 5. Bg5 h6 6. Bxf6 Qxf6 7. e3 g6 8. Bd3
Bg7 9. O-O O-O 10. e4 Qd8 11. Re1 c5 12. exd5 cxd4 13. dxe6 Bxe6 14. Ne2 Qd6
15. Qd2 Nc6 16. Nf4 Bg4 17. Be4 Bxf3 18. Bxf3 Ne5 19. Bd5 Rac8 20. b3 b5 21.
Rac1 bxc4 22. bxc4 Rc7 23. Nd3 Nxd3 24. Qxd3 Kh7 25. g3 Bf6 26. Rb1 Kg7 27. Rb5
Rfc8 28. Reb1 Rc5 29. a4 Rxb5 30. axb5 Rc7 31. Qb3 Qe5 32. Qf3 Bg5 33. c5 Rd7
34. b6 axb6 35. cxb6 Rxd5 36. Qxd5 Qxd5 37. b7 d3 38. b8=Q d2 39. Rd1 Qf3 40.
Qb2+ Kh7 41. Qc2 Be3 42. fxe3 Qxe3+ 1/2-1/2

[Event "3. Sinquefield Cup 2015"]
[Site "Saint Louis USA"]
[Date "2015.08.27"]
[Round "5.1"]
[White "Topalov, Veselin"]
[Black "Caruana, Fabiano"]
[Result "0-1"]
[WhiteElo "2816"]
[BlackElo "2808"]
[PlyCount "106"]
[EventDate "2015.08.22"]
[EventType "tourn"]
[EventRounds "9"]
[EventCountry "USA"]
[EventCategory "22"]
[Source "lmi"]
[SourceDate "2015.08.22"]

1. e4 e5 2. Nf3 Nc6 3. Bb5 Nf6 4. d3 Bc5 5. c3 O-O 6. O-O d6 7. Nbd2 Ne7 8. d4
exd4 9. cxd4 Bb6 10. Re1 Bg4 11. h3 Bh5 12. Qb3 d5 13. e5 Nd7 14. a4 a5 15. Qd1
Nb8 16. Nb3 Nbc6 17. Bg5 h6 18. Bh4 Qc8 19. g4 Bg6 20. Rc1 Bh7 21. Bg3 Nb4 22.
Re3 Na2 23. Ra1 Nb4 24. Ne1 Nec6 25. Qd2 Qe6 26. Bxc6 Qxc6 27. Rc3 Qe6 28. Ng2
f6 29. Nf4 Qd7 30. e6 Qe7 31. Re1 f5 32. Nc5 Bxc5 33. Rxc5 c6 34. Rc3 g5 35.
Ng2 f4 36. Nxf4 gxf4 37. Bxf4 Nd3 38. Rxd3 Bxd3 39. Bxh6 Rf3 40. Re3 Rxe3 41.
Qxe3 Qh7 42. f3 Re8 43. h4 Qg6 44. e7 Qd6 45. Bf4 Qxe7 46. Qxd3 Qe1+ 47. Qf1
Qxf1+ 48. Kxf1 Rf8 49. Be5 Rxf3+ 50. Kg2 Rb3 51. h5 Rxb2+ 52. Kg3 b5 53. axb5
Rxb5 0-1

[Event "3. Sinquefield Cup 2015"]
[Site "Saint Louis USA"]
[Date "2015.08.27"]
[Round "5.2"]
[White "Aronian, Levon"]
[Black "Grischuk, Alexander"]
[Result "1/2-1/2"]
[WhiteElo "2765"]
[BlackElo "2771"]
[PlyCount "60"]
[EventDate "2015.08.22"]
[EventType "tourn"]
[EventRounds "9"]
[EventCountry "USA"]
[EventCategory "22"]
[Source "lmi"]
[SourceDate "2015.08.22"]

1. c4 c5 2. Nf3 Nc6 3. e3 Nf6 4. d4 cxd4 5. exd4 d5 6. Nc3 Bg4 7. Bg5 e6 8.
cxd5 exd5 9. Qe2+ Be6 10. Bxf6 gxf6 11. Qc2 Qb6 12. a3 O-O-O 13. Na4 Qc7 14.
Bb5 Rg8 15. O-O Bh3 16. Nh4 Rg4 17. Bxc6 bxc6 18. Qd3 Rxh4 19. gxh3 Qf4 20.
Rac1 Kd7 21. Rfe1 Bd6 22. Kf1 Qxd4 23. Qf5+ Kc7 24. Nc3 Kb7 25. Ne2 Qe5 26. Qc2
Rc4 27. Qb3+ Kc7 28. Rxc4 dxc4 29. Qxc4 Qd5 30. Qxd5 cxd5 1/2-1/2

[Event "3. Sinquefield Cup 2015"]
[Site "Saint Louis USA"]
[Date "2015.08.27"]
[Round "5.3"]
[White "Nakamura, Hikaru"]
[Black "Giri, Anish"]
[Result "1/2-1/2"]
[WhiteElo "2814"]
[BlackElo "2793"]
[PlyCount "77"]
[EventDate "2015.08.22"]
[EventType "tourn"]
[EventRounds "9"]
[EventCountry "USA"]
[EventCategory "22"]
[Source "lmi"]
[SourceDate "2015.08.22"]

1. e4 c5 2. Nf3 e6 3. d4 cxd4 4. Nxd4 Nc6 5. Nc3 Qc7 6. Be3 a6 7. Qd2 Nf6 8.
O-O-O Be7 9. f4 b5 10. e5 b4 11. Ncb5 axb5 12. Nxb5 Qb8 13. exf6 gxf6 14. Kb1
d5 15. Qf2 Ba6 16. Bb6 Bxb5 17. Bxb5 Qb7 18. Rhe1 Rb8 19. Bxc6+ Qxc6 20. Bd4
Ra8 21. b3 Kd7 22. a4 bxa3 23. Rd3 Rhc8 24. Re2 Qb5 25. Qf3 Ra6 26. f5 Rac6 27.
fxe6+ fxe6 28. Rdd2 a2+ 29. Ka1 f5 30. Qe3 Rg8 31. c4 dxc4 32. Bc5+ Ke8 33.
Bxe7 Kxe7 34. Qh6 Qb6 35. Qxh7+ Kf8 36. Qh4 Ke8 37. Qh5+ Kf8 38. Qh4 Ke8 39.
Qh5+ 1/2-1/2

[Event "3. Sinquefield Cup 2015"]
[Site "Saint Louis USA"]
[Date "2015.08.27"]
[Round "5.4"]
[White "Carlsen, Magnus"]
[Black "So, Wesley"]
[Result "1-0"]
[WhiteElo "2853"]
[BlackElo "2779"]
[PlyCount "111"]
[EventDate "2015.08.22"]
[EventType "tourn"]
[EventRounds "9"]
[EventCountry "USA"]
[EventCategory "22"]
[Source "lmi"]
[SourceDate "2015.08.22"]

1. e4 c5 2. Nf3 d6 3. d4 cxd4 4. Nxd4 Nf6 5. Nc3 a6 6. Be3 e5 7. Nb3 Be6 8. f3
Nbd7 9. Qd2 b5 10. O-O-O Be7 11. g4 b4 12. Nd5 Bxd5 13. exd5 Nb6 14. Na5 Nbxd5
15. Nc4 Nxe3 16. Nxe3 O-O 17. Bc4 Nd7 18. h4 a5 19. g5 Rc8 20. Bd5 Nb6 21. Kb1
Qc7 22. Rhf1 Nxd5 23. Nxd5 Qb7 24. f4 f5 25. Qe3 e4 26. h5 Rc5 27. h6 g6 28.
Qb3 Rf7 29. a4 Bd8 30. Rd4 Kf8 31. Rfd1 Rc6 32. Ne3 Bb6 33. Nc4 Bxd4 34. Nxa5
Qb6 35. Nxc6 Bc5 36. Qd5 e3 37. a5 Qb5 38. Nd8 Ra7 39. Ne6+ Ke8 40. Nd4 Qxa5
41. Qg8+ Kd7 42. Qxh7+ Kc8 43. Qg8+ Kb7 44. c3 bxc3 45. Qb3+ Qb6 46. Qxb6+ Kxb6
47. bxc3 Bxd4 48. Rxd4 Kc6 49. Kc2 Ra2+ 50. Kd1 Rf2 51. Ke1 Kd7 52. Ra4 Ke6 53.
Ra8 Rh2 54. c4 Kf7 55. Rb8 Ke6 56. Rg8 1-0

[Event "3. Sinquefield Cup 2015"]
[Site "Saint Louis USA"]
[Date "2015.08.27"]
[Round "5.5"]
[White "Anand, Viswanathan"]
[Black "Vachier-Lagrave, Maxime"]
[Result "1/2-1/2"]
[WhiteElo "2816"]
[BlackElo "2731"]
[PlyCount "84"]
[EventDate "2015.08.22"]
[EventType "tourn"]
[EventRounds "9"]
[EventCountry "USA"]
[EventCategory "22"]
[Source "lmi"]
[SourceDate "2015.08.22"]

1. e4 c5 2. Nf3 d6 3. d4 cxd4 4. Nxd4 Nf6 5. Nc3 a6 6. Be2 e5 7. Nb3 Be7 8. Be3
Be6 9. Qd3 Nc6 10. a3 d5 11. exd5 Nxd5 12. Nxd5 Qxd5 13. O-O-O Qxd3 14. Bxd3
O-O-O 15. Nc5 Bd5 16. c4 Bxg2 17. Rhg1 e4 18. Be2 Bf3 19. Bxf3 exf3 20. Rxg7
Rxd1+ 21. Kxd1 Rd8+ 22. Kc1 Ne5 23. Ne4 Kd7 24. Rxh7 Ke6 25. Nd2 Rc8 26. Kc2
Nxc4 27. Nxc4 Rxc4+ 28. Kd3 Rg4 29. h3 Ra4 30. Rh6+ f6 31. Rh7 Ra5 32. Ke4 Rb5
33. Bd4 Bd6 34. Rh6 Be5 35. Bxe5 Rxe5+ 36. Kxf3 Rf5+ 37. Ke2 Re5+ 38. Kf1 Rb5
39. b4 Rd5 40. Rg6 a5 41. bxa5 Rxa5 42. Rg3 Ra4 1/2-1/2